Pensiones de hija incapacitada por fallecimiento sucesivo de ambos padres ¿requiere evaluación médica la segunda prestación? / (Registro nro. 6473)
[ vista simple ]
| 000 -LEADER | |
|---|---|
| fixed length control field | 01199nab a22002417a 4500 |
| 003 - CONTROL NUMBER IDENTIFIER | |
| control field | OSt |
| 005 - DATE AND TIME OF LATEST TRANSACTION | |
| control field | 20260210093646.0 |
| 008 - FIXED-LENGTH DATA ELEMENTS--GENERAL INFORMATION | |
| fixed length control field | 190506c xxu||||| |||| 00| 0 spa d |
| 040 ## - CATALOGING SOURCE | |
| Transcribing agency | PJ |
| 100 ## - MAIN ENTRY--PERSONAL NAME | |
| 9 (RLIN) | 4420 |
| Personal name | Toledo Ríos, Rafael E. |
| 245 10 - TITLE STATEMENT | |
| Title | Pensiones de hija incapacitada por fallecimiento sucesivo de ambos padres ¿requiere evaluación médica la segunda prestación? / |
| Statement of responsibility, etc | Rafael E. Toledo Ríos. |
| 260 ## - PUBLICATION, DISTRIBUTION, ETC. (IMPRINT) | |
| Place of publication, distribution, etc | Buenos Aires : |
| Name of publisher, distributor, etc | AbeledoPerrot, |
| Date of publication, distribution, etc | 2025. |
| 300 ## - PHYSICAL DESCRIPTION | |
| Extent | p. 87-93 |
| 500 ## - GENERAL NOTE | |
| General note | Cita: TR LALEY AR/DOC/236/2025.<br/> |
| 505 ## - FORMATTED CONTENTS NOTE | |
| Formatted contents note | Sumario: I. Un caso de mayor vulnerabilidad y muy particular.— II. Ineficiencia administrativa y arbitrariedad judicial.— III. Res. SSS 30/2021 y Circular ANSeS 52/2021.— IV. El paradigma protectorio de la Corte en materia de seguridad social. |
| 505 ## - FORMATTED CONTENTS NOTE | |
| Title | ¿Te interesa el texto completo? Comunicate al correo: koha@justierradelfuego.gov.ar |
| 650 #0 - SUBJECT ADDED ENTRY--TOPICAL TERM | |
| 9 (RLIN) | 1395 |
| Topical term or geographic name as entry element | SEGURIDAD SOCIAL |
| 650 #0 - SUBJECT ADDED ENTRY--TOPICAL TERM | |
| 9 (RLIN) | 1406 |
| Topical term or geographic name as entry element | INCAPACIDAD LABORAL |
| 650 #0 - SUBJECT ADDED ENTRY--TOPICAL TERM | |
| Topical term or geographic name as entry element | COMISIONES MÉDICAS |
| 9 (RLIN) | 4942 |
| 650 #0 - SUBJECT ADDED ENTRY--TOPICAL TERM | |
| Topical term or geographic name as entry element | ARBITRARIEDAD |
| 9 (RLIN) | 282 |
| 773 0# - HOST ITEM ENTRY | |
| Host Biblionumber | 2751 |
| Host Itemnumber | 3202 |
| Place, publisher, and date of publication | Buenos Aires : AbeledoPerrot, 2013- |
| Title | Revista de derecho laboral y seguridad social. Nº 6 - Marzo 2025 |
| 942 ## - ADDED ENTRY ELEMENTS (KOHA) | |
| Source of classification or shelving scheme | |
| Koha item type | Analítica Artículo de Revista |
No hay ítems disponibles.
